[Event "SRB-chT2 East CS"]
[Site "Serbia"]
[Date "2012.09.15"]
[Round "2.57"]
[White "Milutinovic, Bojan"]
[Black "Lepojevic, Nebojsa"]
[Result "1/2-1/2"]
[WhiteElo "1813"]
[BlackElo "2076"]
[PlyCount "38"]
[EventDate "2012.09.14"]
[EventType "team"]
[EventRounds "9"]
[EventCountry "SRB"]
[SourceTitle "EXT 2015"]
[Source "ChessBase"]
[SourceDate "2014.11.20"]
[SourceVersion "1"]
[SourceVersionDate "2014.11.20"]
[SourceQuality "1"]

1. e4 c5 2. Nf3 a6 3. c4 e6 4. Nc3 Qc7 5. d4 cxd4 6. Nxd4 Nf6 7. a3 Nc6 8. Nxc6 dxc6 9. Be2 Bd6 10. h3 0-0 11. 0-0 e5 12. Be3 Qe7 13. Qc2 Be6 14. Rfd1 Bc5 15. Bxc5 Qxc5 16. b4 Qe7 17. c5 Rad8 18. Na4 Rxd1+ 19. Rxd1 Rd8 1/2-1/2

[Event "Nis op"]
[Site "Nis"]
[Date "2012.03.17"]
[Round "8"]
[White "Velickovski Nejkovic, Maja"]
[Black "Lepojevic, Nebojsa"]
[Result "1-0"]
[WhiteElo "2184"]
[BlackElo "2055"]
[PlyCount "65"]
[EventDate "2012.03.11"]
[EventType "swiss"]
[EventRounds "9"]
[EventCountry "SRB"]
[SourceTitle "CBM 147 Extra"]
[Source "ChessBase"]
[SourceDate "2012.04.24"]
[SourceVersion "1"]
[SourceVersionDate "2012.04.24"]
[SourceQuality "1"]

1. c4 e6 2. Nc3 c5 3. e4 d6 4. Nf3 b6 5. d4 cxd4 6. Nxd4 Bb7 7. Be3 Nf6 8. f3 Be7 9. Be2 a6 10. 0-0 0-0 11. Qd2 Nbd7 12. Rac1 Re8 13. Rfd1 Rc8 14. Bf1 Ne5 15. Na4 d5 16. exd5 exd5 17. Nf5 Qd7 18. Nxe7+ Qxe7 19. Nxb6 Rcd8 20. c5 Nc4 21. Nxc4 dxc4 22. Bd4 Bd5 23. Qf2 Qe6 24. Re1 Qf5 25. Rxe8+ Rxe8 26. b3 cxb3 27. axb3 Bxb3 28. Bxa6 Ra8 29. Qe3 Be6 30. Bd3 Qh5 31. c6 Nd5 32. Qe5 Qh6 33. Rb1 1-0

[Event "Nis op"]
[Site "Nis"]
[Date "2012.03.12"]
[Round "2"]
[White "Lepojevic, Nebojsa"]
[Black "Mitrovic, Darko R"]
[Result "1/2-1/2"]
[WhiteElo "2055"]
[BlackElo "2290"]
[PlyCount "101"]
[EventDate "2012.03.11"]
[EventType "swiss"]
[EventRounds "9"]
[EventCountry "SRB"]
[SourceTitle "CBM 147 Extra"]
[Source "ChessBase"]
[SourceDate "2012.04.24"]
[SourceVersion "1"]
[SourceVersionDate "2012.04.24"]
[SourceQuality "1"]

1. Nf3 Nf6 2. c4 b6 3. d4 Bb7 4. g3 Bxf3 5. exf3 e6 6. Nc3 d5 7. Bg2 c6 8. Bf4 dxc4 9. Bxb8 Rxb8 10. 0-0 Be7 11. f4 Qd7 12. Qe2 0-0 13. Qxc4 Nd5 14. Rad1 Rfd8 15. Rfe1 Rbc8 16. Qb3 Bf8 17. Ne4 g6 18. Ng5 h6 19. Nf3 Bg7 20. Ne5 Bxe5 21. Rxe5 Qd6 22. Bxd5 cxd5 23. Qe3 Qb4 24. Rd2 Rc1+ 25. Kg2 Qc4 26. Re2 Rd1 27. Rxe6 Qxd4 28. Qxd4 Rxd4 29. Re7 a5 30. Rb7 Rd6 31. f5 g5 32. h3 Re4 33. Kf3 Rc4 34. Re8+ Kg7 35. Ree7 Rf6 36. g4 h5 37. Rbd7 Rf4+ 38. Kg3 hxg4 39. hxg4 Rd4 40. Re6 b5 41. b3 Rd2 42. Rxf6 Kxf6 43. Rb7 b4 44. Rb5 Rxa2 45. f4 gxf4+ 46. Kxf4 Rf2+ 47. Ke3 Rb2 48. Kf4 Rf2+ 49. Ke3 Rb2 50. Kf4 Rf2+ 51. Ke3 1/2-1/2

[Event "SRB-chT2 East"]
[Site "Pozarevac"]
[Date "2009.09.20"]
[Round "3.3"]
[White "Minic, Ivan"]
[Black "Lepojevic, Nebojsa"]
[Result "1-0"]
[WhiteElo "2128"]
[BlackElo "2065"]
[PlyCount "93"]
[EventDate "2009.09.06"]
[EventType "team"]
[EventRounds "11"]
[EventCountry "SRB"]
[SourceTitle "EXT 2012"]
[Source "ChessBase"]
[SourceDate "2011.11.24"]
[SourceVersion "1"]
[SourceVersionDate "2011.11.24"]
[SourceQuality "1"]

1. d4 Nf6 2. Nf3 e6 3. Bg5 d5 4. e3 Nbd7 5. Bd3 Be7 6. Nbd2 0-0 7. 0-0 b6 8. c3 Bb7 9. Qc2 c5 10. Rfe1 a5 11. Bb5 h6 12. Bh4 Ba6 13. Bxa6 Rxa6 14. e4 b5 15. dxc5 Nxc5 16. exd5 Nxd5 17. Bg3 Bd6 18. Rad1 Qc7 19. Ne4 Bxg3 20. hxg3 Nxe4 21. Rxe4 Rc8 22. Qe2 Rb6 23. Ne5 b4 24. c4 Nf6 25. Re3 Rbb8 26. b3 Ra8 27. Red3 a4 28. Nd7 axb3 29. Nxf6+ gxf6 30. axb3 Qe5 31. Qd2 Ra1 32. Qxb4 Rca8 33. Qd6 Qe2 34. R3d2 Rxd1+ 35. Rxd1 Ra2 36. Rf1 Rd2 37. Qf4 Rd1 38. Rxd1 Qxd1+ 39. Kh2 Qxb3 40. c5 Qd1 41. f3 Qd5 42. Qc7 e5 43. c6 e4 44. Qd7 Qh5+ 45. Qh3 Qc5 46. Qc8+ Kh7 47. fxe4 1-0

[Event "SRB-chT2 East"]
[Site "Serbia"]
[Date "2007.10.19"]
[Round "8.6"]
[White "Milenkovic, Slavisa"]
[Black "Lepojevic, Nebojsa"]
[Result "1-0"]
[WhiteElo "2179"]
[BlackElo "2077"]
[PlyCount "43"]
[EventDate "2007.09.09"]
[EventType "team"]
[EventRounds "11"]
[EventCountry "SRB"]
[SourceTitle "EXT 2012"]
[Source "ChessBase"]
[SourceDate "2011.11.24"]
[SourceVersion "1"]
[SourceVersionDate "2011.11.24"]
[SourceQuality "1"]
[WhiteTeam "Kostolac Rudar"]
[BlackTeam "Leskovac Glubocica"]
[WhiteTeamCountry "SRB"]
[BlackTeamCountry "SRB"]

1. Nf3 c5 2. e4 Nc6 3. d4 cxd4 4. Nxd4 g6 5. Nxc6 bxc6 6. Qd4 Nf6 7. e5 Nd5 8. e6 Nf6 9. exf7+ Kxf7 10. Bc4+ d5 11. Bb3 e5 12. Qa4 Bd7 13. Bg5 h6 14. Bxf6 Kxf6 15. Nc3 Kg7 16. 0-0-0 Bc5 17. Rhe1 Bd4 18. f4 Bxc3 19. bxc3 e4 20. Rxe4 c5 21. Qa6 dxe4 22. Qb7 1-0

[Event "SRB-chT2 East"]
[Site "Serbia"]
[Date "2006.10.27"]
[Round "9.6"]
[White "Madjar, Stanislav"]
[Black "Lepojevic, Nebojsa"]
[Result "1-0"]
[WhiteElo "2182"]
[BlackElo "2071"]
[PlyCount "71"]
[EventDate "2006.09.09"]
[EventType "team"]
[EventRounds "11"]
[EventCountry "SRB"]
[SourceTitle "EXT 2012"]
[Source "ChessBase"]
[SourceDate "2011.11.24"]
[SourceVersion "1"]
[SourceVersionDate "2011.11.24"]
[SourceQuality "1"]

1. c4 c5 2. Nc3 Nc6 3. Nf3 g6 4. g3 Bg7 5. Bg2 Nf6 6. 0-0 0-0 7. d4 d6 8. dxc5 dxc5 9. Be3 Qa5 10. Qa4 Nd7 11. Qxa5 Nxa5 12. Nd2 Rb8 13. Rac1 a6 14. b3 Bd4 15. Bf4 Be5 16. Nd5 Bxf4 17. Nxe7+ Kg7 18. gxf4 Re8 19. Nxc8 Rxe2 20. Rcd1 Rxc8 21. Bf3 Re7 22. Ne4 Nf6 23. Nd6 Rb8 24. Rfe1 Rc7 25. Re5 b6 26. Kg2 Nc6 27. Bxc6 Rxc6 28. Re7 b5 29. Rxf7+ Kg8 30. Rxf6 bxc4 31. bxc4 Rb2 32. Ne4 Rxf6 33. Nxf6+ Kf8 34. Ne4 Rxa2 35. Nxc5 a5 36. Rd7 1-0

[Event "SRB-chT2 East"]
[Site "Serbia"]
[Date "2006.09.23"]
[Round "3.1"]
[White "Lepojevic, Nebojsa"]
[Black "Stankovic, Dejan"]
[Result "1/2-1/2"]
[WhiteElo "2071"]
[BlackElo "2208"]
[PlyCount "112"]
[EventDate "2006.09.09"]
[EventType "team"]
[EventRounds "11"]
[EventCountry "SRB"]
[SourceTitle "EXT 2012"]
[Source "ChessBase"]
[SourceDate "2011.11.24"]
[SourceVersion "1"]
[SourceVersionDate "2011.11.24"]
[SourceQuality "1"]

1. Nf3 d5 2. c4 c6 3. d4 Nf6 4. Nc3 e6 5. Bg5 dxc4 6. e4 b5 7. Be2 h6 8. Bh4 g5 9. Bg3 Bb4 10. 0-0 Bxc3 11. bxc3 Nxe4 12. Be5 Nxc3 13. Qc2 Nxe2+ 14. Qxe2 f6 15. Qc2 fxe5 16. Qg6+ Kf8 17. Nxe5 Qe8 18. Qf6+ Kg8 19. Ng4 Nd7 20. Nxh6+ Kh7 21. Qxg5 Qg6 22. Qe7+ Kxh6 23. Rae1 Nf6 24. Re3 Re8 25. Rh3+ Nh5 26. Qc7 e5 27. Rh4 Qf6 28. g3 exd4 29. h3 d3 30. Rxh5+ Kxh5 31. Qh7+ Qh6 32. g4+ Bxg4 33. hxg4+ Kxg4 34. Qxh6 Rad8 35. Kg2 d2 36. Rh1 Rg8 37. f3+ Kf5+ 38. Kf2 d1N+ 39. Kf1 Ne3+ 40. Qxe3 Rd1+ 41. Kf2 Rxh1 42. Qe4+ Kf6 43. Qxc6+ Kf7 44. Qd5+ Kg7 45. Qxb5 Rf8 46. Qxc4 Rh6 47. Qd4+ Rhf6 48. f4 a6 49. a4 Kg6 50. Qe4+ Kg7 51. Qg2+ Kh7 52. Qh3+ Kg6 53. Qg4+ Kf7 54. Kf3 Ke7 55. Qg5 Kd6 56. Qe5+ Kc6 1/2-1/2

[Event "Serbia-ch"]
[Site "Leskovac"]
[Date "2002.02.15"]
[Round "1"]
[White "Lepojevic, Nebojsa"]
[Black "Radovanovic, Dusan"]
[Result "0-1"]
[WhiteElo "2091"]
[BlackElo "2346"]
[PlyCount "54"]
[EventDate "2002.02.15"]
[EventType "swiss"]
[EventRounds "9"]
[EventCountry "YUG"]
[SourceTitle "CBM 086 Extra"]
[Source "ChessBase"]
[SourceDate "2002.03.14"]
[SourceVersion "1"]
[SourceVersionDate "2002.03.14"]
[SourceQuality "1"]

1. g3 e5 2. Bg2 d5 3. c4 Nf6 4. cxd5 Nxd5 5. Nc3 Nb6 6. Nf3 Nc6 7. 0-0 Be7 8. d3 0-0 9. a4 a5 10. Be3 Be6 11. Rc1 Nd5 12. Nxd5 Bxd5 13. Bc5 Re8 14. Bxe7 Rxe7 15. Rc5 Qd6 16. Qc1 Bxf3 17. exf3 Nd4 18. Qc4 c6 19. f4 exf4 20. Rh5 f3 21. Bh3 Re2 22. Rh4 Rd8 23. Rf4 Qd5 24. Qc3 Re7 25. Rxd4 Qxd4 26. Qxa5 Qxd3 27. Qb6 Ree8 0-1